Les noms d'oiseaux par lettres -J - Statistiques

Statistiques générales
  • Ce quiz a été pris 43 fois
  • Le résultat moyen est 4 sur 7
Statistiques - réponses
Par images Réponse % Correct
Jaseur
100%
Jacana
82%
Jabiru
79%
Jardinier
57%
Jacamar
50%
Jacarini
46%
Jery
0%
Aucun quiz correspondant
Distribution des résultats
% des personnes avec chaque résultat
Percentile par nombre de réponses
Votre historique - résultats
Vous n’avez pas pris ce quiz